|
|
|
|
| LEADER |
00000nab a2200000 a 4500 |
| 001 |
vtls000882313 |
| 003 |
SK-MaSNL |
| 005 |
20260304103730.0 |
| 008 |
250429c2004 xo 0 slo |
| 015 |
|
|
|a SNBRB2004/08-24886
|
| 035 |
|
|
|a CLN000233803
|
| 035 |
|
|
|a urn:nbn:sk:snk-ab2kjf
|
| 035 |
|
|
|a (urnnbn)urn:nbn:sk:snk:ar-a02khz
|
| 035 |
|
|
|a (uuid)66a79674-a45c-4411-b779-9b8b8e8f6345
|
| 040 |
|
|
|a SNKBUCL
|b slo
|c SNKBUCL
|e AACR2
|
| 041 |
0 |
|
|a slo
|
| 044 |
|
|
|a xo
|c SK
|
| 080 |
|
|
|a 658.628:615.2
|2 1997
|
| 100 |
1 |
|
|a Budáčová, Janka
|4 aut
|9 1402520
|
| 245 |
1 |
0 |
|a Novinky v sortimente Unipharmy
|c Janka Budáčová
|
| 300 |
|
|
|b Obr.
|
| 650 |
0 |
7 |
|a spoločnosti farmaceutické
|2 MESH
|9 911816
|
| 650 |
0 |
7 |
|a účinky farmakologické
|2 MESH
|9 871294
|
| 650 |
0 |
7 |
|a prípravky farmaceutické
|x klasifikácia
|2 MESH
|9 859298
|
| 650 |
0 |
7 |
|a farmakológia
|2 MESH
|9 2468
|
| 655 |
|
7 |
|a články z novín a časopisov
|2 snkbucl
|9 267496
|
| 773 |
0 |
|
|t Lekárnik
|g Roč. 9, č. 8 (2004), s. 34
|x 1335-924X
|
| 850 |
|
|
|a Slovenská národná knižnica
|
| 852 |
|
|
|a Slovenská národná knižnica
|
| 954 |
|
|
|a odborná, vedecká literatúra pôvodná (slovenská)
|2 lita
|
| 958 |
|
|
|a article27
|
| 958 |
|
|
|a OND
|
| 958 |
|
|
|a MI
|
| 958 |
|
|
|a EUIPO
|
| 992 |
|
|
|a RBX
|
| 999 |
|
|
|c 2849593
|d 2851523
|